Enfermedades del aparato digestivo, discrásicas y alteraciones hemáticas / (Record no. 132794)

MARC details
000 -LEADER
campo de control de longitud fija 01102nam a2200265 i 4500
001 - NÚMERO DE CONTROL
campo de control 132794
003 - IDENTIFICADOR DE NÚMERO DE CONTROL
campo de control ES-MaACL
005 - FECHA Y HORA DE LA ÚLTIMA TRANSACCIÓN
campo de control 20230906194243.0
007 - CAMPO FIJO DE DESCRIPCIÓN FÍSICA--INFORMACIÓN GENERAL
campo de control de longitud fija t|
008 - DATOS DE LONGITUD FIJA--INFORMACIÓN GENERAL
campo de control de longitud fija 170509s1912 sp r ||||1| spa d
100 1# - ENTRADA PRINCIPAL--NOMBRE DE PERSONA
Nombre de persona Fleiner, Wilhelm.
9 (RLIN) 162397
245 13 - MENCIÓN DEL TÍTULO
Título Enfermedades del aparato digestivo, discrásicas y alteraciones hemáticas /
Mención de responsabilidad, etc. Wilhelm Fleiner, Hugo Lüthje, Erich Meyer ; versión directa del alemán por Antonio Álvarez de Cienfuegos, Gonzalo García Rodríguez.
260 ## - PUBLICACIÓN, DISTRIBUCIÓN, ETC.
Lugar de publicación, distribución, etc. Madrid :
Nombre del editor, distribuidor, etc. Saturnino Calleja Fernández,
Fecha de publicación, distribución, etc. 1912.
300 ## - DESCRIPCIÓN FÍSICA
Extensión 93 p. ;
Dimensiones 25 cm.
490 1# - MENCIÓN DE SERIE
Mención de serie Anuario de ciencias médicas. Tercera serie ;
Designación de volumen o secuencia 3
650 04 - PUNTO DE ACCESO ADICIONAL DE MATERIA--TÉRMINO DE MATERIA
Término de materia o nombre geográfico como elemento de entrada Aparato digestivo-
Subdivisión general Enfermedades.
9 (RLIN) 9906
650 04 - PUNTO DE ACCESO ADICIONAL DE MATERIA--TÉRMINO DE MATERIA
Término de materia o nombre geográfico como elemento de entrada Sangre-
Subdivisión general Enfermedades.
9 (RLIN) 16982
700 1# - ENTRADA AGREGADA--NOMBRE PERSONAL
Nombre de persona Lüthje, Hugo.
9 (RLIN) 162577
700 0# - ENTRADA AGREGADA--NOMBRE PERSONAL
Nombre de persona Meyer, Erich.
9 (RLIN) 80784
700 1# - ENTRADA AGREGADA--NOMBRE PERSONAL
Nombre de persona Alvarez de Cienfuegos y Cobos, Antonio.
9 (RLIN) 20755
700 0# - ENTRADA AGREGADA--NOMBRE PERSONAL
Nombre de persona García Rodríguez, Gonzalo.
9 (RLIN) 55198
830 0# - PUNTO DE ACCESO ADICIONAL DE SERIE-TÍTULO UNIFORME
Título uniforme Anuario de ciencias médicas. Tercera serie ;
Designación de volumen o secuencia 3
9 (RLIN) 186907
852 ## - LOCALIZACIÓN
Ubicación ES-MaACL
Número de control de estantería B-11067(3)
Nota libre .- Encuadernado con otras obras
Holdings
Estatus retirado Estado de pérdida Estado de daño No para préstamo Biblioteca de origen Biblioteca actual Ubicación en estantería Fecha de adquisición Fuente de adquisición Total de préstamos Signatura topográfica completa Código de barras Visto por última vez Precio de reemplazo Tipo de ítem Koha
        Biblioteca del Ateneo de Madrid Biblioteca del Ateneo de Madrid Sala Pardo Bazán 09/05/2017     B-11067(3) 1197553 23/02/2023 23/02/2023 Libro impreso